Principios básicos de fitopatología

Bibliographic Details
Main Author: Castaño Zapata, Jairo
Format: Section = Libro
Language:Undetermined
Spanish
Published: Honduras Zamorano 1994
Edition:2a. ed.
Subjects:
LEADER 00676nam a2200265Ia 4500
008 240830s9999 xx 000 0 und d
020 |a 1-885995-18-0 
040 |a B-ESTELÍ- RUACS / 581.2 C346p 
041 |a spa 
082 |a 581.2 C346p 
100 1 |a Castaño Zapata, Jairo 
245 1 0 |a Principios básicos de fitopatología 
250 |a 2a. ed. 
260 |a Honduras  |b Zamorano  |c 1994 
300 |a 518 p. 
650 7 |a FITOPATOLOGIA 
650 7 |b  ENFERMEDAD EN LAS PLANTAS 
650 7 |c  PATOGENICIDAD 
650 7 |d  CONTROL DE ENFERMEDADES 
650 7 |e  HONGOS 
650 7 |f  BACTERIAS 
650 7 |g  VIRUS 
942 |c BK  |2 ddc 
991 |a TEXTO 
999 |c 11105